[Event "Veteranos Aragón 2015"]
[Site ""]
[Date "2015.05.09"]
[Round "4.4"]
[White "Cortes Sobrevilla Cecilio"]
[Black "Sarto Ramos Angel"]
[Result "0-1"]
[WhiteElo "1678"]
[BlackElo "1967"]

1.d4 g6 2.Nf3 Bg7 3.e3 c5 4.Be2 Nf6 5.Nc3 b6 6.O-O Bb7 7.d5 d6 8.e4 Nbd7 9.Rb1
O-O 10.h3 a6 11.a4 Qc7 12.Bf4 h6 13.Bc4 Kh7 14.Re1 Nh5 15.Bh2 Ne5 16.Be2 Nf6
17.Nh4 Ne8 18.Qd2 Bf6 19.Nf3 Nxf3+ 20.Bxf3 Be5 21.Ne2 b5 22.axb5 axb5 23.Bxe5
dxe5 24.Nc3 Nd6 25.Ra1 Ra5 26.b3 Rfa8 27.Rab1 b4 28.Na4 Bc8 29.c3 bxc3 30.Qxc3
Bd7 31.Nb2 Nb5 32.Qe3 Nd4 33.Rec1 Rb8 34.Bd1 Rab5 35.Rc3 f6 36.Nd3 Qb6 37.b4
cxb4 38.Rcc1 b3 39.Rb2 Qa5 40.Rcb1 e6 41.f4 exd5 42.fxe5 fxe5 43.Nxe5 Nc2 44.
Qf3 Be8 45.Qf6 Qb6+ 46.Qxb6 R8xb6 47.exd5 Rxd5 48.Nc4 Rb4 49.Be2 Nd4 50.Bf1
Bf7 51.Ne3 Re5 52.Ng4 Re7 53.Kf2 Kg7 54.Ne3 Be6 55.Re1 Rf7+ 56.Kg1 Rfb7 57.Nd1
Bf7 58.Re3 Bc4 59.Bxc4 Rxc4 60.Rc3 Rxc3 61.Nxc3 Rc7 62.Ne2 Nxe2+ 63.Rxe2 Rb7
64.Rb2 Kf6 65.Kf2 Kf5 66.g3 Ke4 67.Ke2 Rb6 68.h4 h5 69.Kd2 Kf3 0-1

[Event "Veteranos Aragón 2015"]
[Site ""]
[Date "2015.05.09"]
[Round "4.5"]
[White "Requena Briones Rafael"]
[Black "Orti Stock Carlos"]
[Result "0-1"]
[WhiteElo "1666"]
[BlackElo "1925"]

1.e4 e5 2.Nf3 Nc6 3.Bc4 Bc5 4.b4 Bxb4 5.c3 Ba5 6.Qb3 Qf6 7.O-O Nge7 8.d4 exd4
9.Bg5 Qg6 10.Bxe7 Kxe7 11.Nbd2 Bb6 12.Nh4 Qf6 13.Nf5+ Kf8 14.Qa3+ d6 15.cxd4
Bxf5 16.exf5 Qxf5 17.d5 Ne5 18.Bb3 h5 19.Rae1 Qf4 20.Ne4 Rh6 21.Bd1 Ng4 22.g3
Qf5 23.Bf3 Ne5 24.Bg2 h4 25.h3 hxg3 26.Nxg3 Qg5 27.Kh1 Nc4 28.Qd3 Nd2 29.Ne4
Nxe4 30.Qxe4 f5 31.f4 Qf6 32.Qa4 Qc3 33.Kh2 Rg6 34.Qb3 Qxb3 35.axb3 Re8 36.Bf3
Rxe1 37.Rxe1 Rf6 38.Re6 Rxe6 39.dxe6 Ke7 40.Bxb7 Kxe6 41.Bc8+ Kf6 42.Kg3 d5
43.h4 Be3 44.Ba6 g6 45.Kf3 Bd2 46.Bb7 d4 47.Ba6 Kg7 48.Bc8 Be1 49.h5 d3 50.
hxg6 Kxg6 51.Ba6 d2 52.Be2 Kf6 53.Bd1 Ke6 54.Ke3 Kd5 55.Kd3 a5 56.Bc2 Kc5 57.
Ke3 Kb4 58.Ke2 Kc3 59.Kd1 Bg3 60.Bxf5 Bxf4 61.Be6 Kb4 62.Kc2 Ka3 63.Bc4 Kb4
64.Be2 Bg5 65.Bd1 Kc5 66.Be2 Kd4 67.Bd1 Ke3 68.Bh5 Kd4 69.Bd1 c5 70.Be2 Bf4
71.Bh5 c4 72.bxc4 Kxc4 73.Bf7+ Kb4 74.Ba2 Kc5 75.Bb3 Kb4 76.Ba2 a4 77.Bf7 Kc5
78.Ba2 Kd4 79.Bf7 Ke3 80.Bh5 a3 81.Kb3 Bd6 82.Bd1 Kf2 83.Kc2 Be5 84.Kb3 Ke1
85.Bc2 Bd6 86.Ka2 d1=Q 87.Bxd1 Kxd1 88.Kb1 Kd2 89.Ka2 Kc3 90.Ka1 Kb3 0-1

[Event "Veteranos Aragón 2015"]
[Site ""]
[Date "2015.05.09"]
[Round "4.6"]
[White "Garcia Estruch Jorge"]
[Black "Yañez Acin Gonzalo"]
[Result "1-0"]
[WhiteElo "1819"]
[BlackElo "1737"]

1.e4 e5 2.Nf3 Nc6 3.Bb5 Nd4 4.Nxd4 exd4 5.O-O c6 6.Bc4 Nf6 7.e5 d5 8.exd6 Qxd6
9.Re1+ Be6 10.Bxe6 fxe6 11.Qe2 O-O-O 12.Qxe6+ Qxe6 13.Rxe6 Bd6 14.h3 Rhe8 15.
Rxe8 Rxe8 16.Kf1 Bf4 17.g3 Bh6 18.Na3 g6 19.d3 Bg7 20.Nc4 Kd7 21.Nd2 Nd5 22.a3
Rf8 23.Kg2 Re8 24.Ne4 b6 25.Bd2 Nf6 26.Re1 Nxe4 27.dxe4 c5 28.b3 b5 29.f3 Kc6
30.f4 c4 31.e5 Kd5 32.Kf3 Bf8 33.bxc4+ bxc4 34.Bb4 Bxb4 35.axb4 Re6 36.Ra1 c3
37.Rxa7 Rb6 38.Rd7+ Kc4 39.Ke4 Kxb4 40.Kxd4 h5 41.Rd6 1-0

[Event "Veteranos Aragón 2015"]
[Site ""]
[Date "2015.05.09"]
[Round "4.7"]
[White "Navarro Rubio Rafael"]
[Black "Royo Onde Manuel"]
[Result "1/2-1/2"]
[WhiteElo "1633"]
[BlackElo "1817"]

1.d4 d5 2.e4 dxe4 3.Nc3 Nf6 4.Bg5 Bf5 5.Qe2 Qd7 6.Bxf6 exf6 7.Nxe4 Bb4+ 8.c3
O-O 9.O-O-O Re8 10.f3 Bf8 11.Qc2 Qd5 12.c4 Bxe4 13.cxd5 Bxc2 14.Kxc2 c6 15.Bc4
cxd5 16.Bxd5 Nc6 17.a3 Rac8 18.Bxc6 Rxc6+ 19.Kd3 g6 20.Ne2 Bh6 21.Nc3 Re3+ 22.
Kc2 Re2+ 23.Kb1 Rxg2 24.d5 Rb6 25.d6 Rbxb2+ 26.Ka1 Rb3 27.d7 Rxa3+ 28.Kb1 Rb3+
29.Ka1 Ra3+ 1/2-1/2

[Event "Veteranos Aragón 2015"]
[Site ""]
[Date "2015.05.09"]
[Round "4.8"]
[White "Edeso Perez Francisco"]
[Black "Lorente Latorre Antonio"]
[Result "1/2-1/2"]
[WhiteElo "1785"]
[BlackElo "1627"]

1.d4 e6 2.Nf3 f5 3.Bg5 Be7 4.Bxe7 Nxe7 5.e3 b6 6.Be2 Ng6 7.c4 Bb7 8.O-O O-O 9.
Nc3 Nc6 10.Qa4 a6 11.b4 Nce7 12.Rad1 Bc6 13.Qb3 d5 14.cxd5 exd5 15.a4 Kh8 16.
Rc1 Bb7 17.b5 axb5 18.axb5 Qd6 19.Ra1 Rfc8 20.h4 Qf6 21.h5 Nh4 22.Ne5 Rxa1 23.
Rxa1 f4 24.Ra7 fxe3 25.fxe3 Rf8 26.Nf3 Nxf3+ 27.Bxf3 Qh4 28.Qd1 Bc8 29.Qd2 Nf5
30.Ne2 Nxe3 31.Qxe3 1/2-1/2

[Event "Veteranos Aragón 2015"]
[Site ""]
[Date "2015.05.09"]
[Round "4.9"]
[White "Sanchez Valles José Maria"]
[Black "Garcia Artal Obdulio"]
[Result "0-1"]
[WhiteElo "1752"]
[BlackElo "1599"]

1.e4 e5 2.Bc4 d6 3.c3 Nf6 4.Qb3 d5 5.exd5 Bd6 6.d3 Nbd7 7.Bg5 Nc5 8.Qd1 O-O 9.
Nd2 Bf5 10.Nb3 a6 11.Nxc5 Bxc5 12.Qf3 Bg6 13.Bxf6 Qxf6 14.Qxf6 gxf6 15.Rd1
Rfe8 16.Ne2 Kf8 17.O-O f5 18.d4 Bd6 19.dxe5 Rxe5 20.f4 Re7 21.Ng3 Rae8 22.Bd3
h5 23.b4 h4 24.Nxf5 Bxf5 25.Bxf5 Re2 26.Bb1 R8e3 27.Rc1 Rd2 28.a3 Ree2 29.Rfd1
Rxg2+ 30.Kf1 Rdf2+ 31.Ke1 Bxf4 32.c4 Bxc1 33.Rxc1 Rxh2 34.b5 Rh1+ 35.Kxf2 Rxc1
36.bxa6 bxa6 37.Bd3 Rc3 0-1

[Event "Veteranos Aragón 2015"]
[Site ""]
[Date "2015.05.09"]
[Round "4.10"]
[White "Llucia Marco Luis"]
[Black "Ocabo Vera Pedro Aristides"]
[Result "0-1"]
[WhiteElo "1637"]
[BlackElo "1777"]

1.e4 d6 2.d4 g6 3.Nf3 Bg7 4.Bc4 Nc6 5.Be3 Nf6 6.Nc3 O-O 7.h3 h6 8.Qd2 Kh7 9.
O-O-O a6 10.g4 b5 11.g5 bxc4 12.gxh6 Bh8 13.Ng5+ Kg8 14.h7+ Nxh7 15.Nxh7 Kxh7
16.h4 Bg4 17.Rdg1 Bh5 18.f4 f5 19.exf5 Rxf5 20.Rg5 Qd7 21.Qg2 Rb8 22.Rg1 Rxg5
23.Qxg5 Nxd4 24.Qd5 Nf5 25.Qf7+ Bg7 26.Ne4 Qb5 27.b3 cxb3 28.Ng5+ Kh6 29.Qg8
Bb2+ 30.Kb1 bxc2+ 31.Kxc2 Qe2+ 32.Bd2 Nd4+ 0-1

[Event "Veteranos Aragón 2015"]
[Site ""]
[Date "2015.05.09"]
[Round "4.11"]
[White "Requeno Otin Juan José"]
[Black "Pellicer Sancho Rafael José"]
[Result "0-1"]
[WhiteElo "1446"]
[BlackElo "1754"]

1.d4 d5 2.Nf3 Nf6 3.Bf4 e6 4.h3 Bd6 5.Bh2 Bxh2 6.Nxh2 Ne4 7.e3 O-O 8.c4 c5 9.
cxd5 Qa5+ 10.Nd2 cxd4 11.exd4 exd5 12.Nf3 Nxd2 13.Qxd2 Re8+ 14.Be2 Qxd2+ 15.
Nxd2 b6 16.Rc1 Ba6 17.Kd1 Bxe2+ 18.Kc2 Nc6 19.Nb3 Nb4+ 20.Kb1 Bd3+ 21.Ka1 Nc2+
22.Kb1 Nxd4+ 23.Ka1 Nxb3+ 24.axb3 a5 25.Rhd1 Bf5 26.Rxd5 Be6 27.Rd3 Red8 28.
Rcd1 Rxd3 29.Rxd3 h5 30.Re3 a4 31.b4 b5 32.Re5 Bc4 33.Rxh5 Rd8 34.b3 axb3 35.
Re5 Ra8+ 36.Kb1 Ra2 37.Rf5 Bd3+ 0-1

[Event "Veteranos Aragón 2015"]
[Site ""]
[Date "2015.05.09"]
[Round "4.12"]
[White "Gimeno Royo José Andrés"]
[Black "Miranda Cuartero Juan Carlos"]
[Result "1-0"]
[WhiteElo "1714"]
[BlackElo "1653"]

1.d4 f5 2.Nf3 Nf6 3.c4 e6 4.b3 Bb4+ 5.Bd2 Bxd2+ 6.Qxd2 Ne4 7.Qc2 Nc6 8.a3 Qf6
9.e3 O-O 10.Bd3 Ng5 11.Nbd2 b6 12.O-O Bb7 13.Nxg5 Qxg5 14.Nf3 Qg6 15.e4 Ne7
16.Ne5 Qe8 17.d5 d6 18.Nf3 exd5 19.exd5 Qd7 20.Nd4 c6 21.dxc6 Bxc6 22.Rae1
Rae8 23.Re3 g6 24.Rfe1 f4 25.Re6 Nf5 26.Bxf5 gxf5 27.f3 Rxe6 28.Rxe6 Bb7 29.
Qe2 Rf7 30.Nb5 Qc6 31.Rxd6 Qc5+ 32.Kf1 a6 33.Rd8+ Kg7 34.Nd6 1-0

[Event "Veteranos Aragón 2015"]
[Site ""]
[Date "2015.05.09"]
[Round "4.13"]
[White "Arteaga Jimenez Francisco"]
[Black "Lasierra Arceiz Javier"]
[Result "1/2-1/2"]
[WhiteElo "1572"]
[BlackElo "1524"]

1.e4 e5 2.Nf3 Nc6 3.Bb5 Nge7 4.c3 a6 5.Ba4 d6 6.h3 Bd7 7.O-O f5 8.Bc2 f4 9.Re1
Ng6 10.d4 Be7 11.Nbd2 O-O 12.d5 Na7 13.c4 Qc8 14.Nh2 Nh4 15.Ndf3 g5 16.Nxh4
gxh4 17.Qf3 Kh8 18.b3 Rg8 19.Kh1 Rg6 20.Rg1 Bf6 21.Bb2 c5 22.Bd1 Qg8 23.Be2
Qg7 24.Ng4 Bxg4 25.hxg4 Bg5 26.Kh2 b5 27.Rh1 b4 28.Kg1 Nc8 29.Rh3 Ne7 30.Qd3
a5 31.a4 Ng8 32.Bf3 Nh6 33.Be2 Bf6 34.f3 Nf7 35.Kf2 Ng5 36.Rh2 Rh6 37.Rah1 Qg6
38.Ke1 Kg8 39.Kd1 Kf7 40.Bc1 Ke7 41.Bd2 Nf7 42.Be1 Rh8 43.Bf1 Bg5 44.Bxh4 Bxh4
45.Rxh4 Rxh4 46.Rxh4 Qg5 47.Rh3 h5 48.gxh5 Rxh5 49.Rxh5 Qxh5 50.Qe2 Nh6 51.Qf2
Ng8 52.g3 Qg5 53.g4 Kf6 54.Qh2 Qh6 55.Qxh6+ Nxh6 56.Ke1 Kg5 57.Kf2 Nf7 58.Bh3
Kh4 1/2-1/2

[Event "Veteranos Aragón 2015"]
[Site ""]
[Date "2015.05.09"]
[Round "4.14"]
[White "Lera Perez José Carlos"]
[Black "Codina Escudero Juan"]
[Result "0-1"]
[WhiteElo "1624"]
[BlackElo "1451"]

1.d4 e6 2.c4 c6 3.Nc3 Bb4 4.Bd2 d5 5.cxd5 Bxc3 6.Bxc3 cxd5 7.Rc1 Nc6 8.e3 a6
9.Nf3 h6 10.Bd3 Nf6 11.O-O O-O 12.Rc2 Bd7 13.Qe2 Rc8 14.Rfc1 Na5 15.Ne5 Nc6
16.Nxc6 Rxc6 17.Bb4 Re8 18.Rxc6 Bxc6 19.Ba3 Qb8 20.Bxa6 Rc8 21.Bd3 Bd7 22.
Rxc8+ Qxc8 23.Qc2 Qb8 24.g3 b5 25.Bb4 Qb7 26.Qc5 Qb8 27.a3 Qe8 28.Qe7 Qxe7 29.
Bxe7 Ne8 30.b4 f6 31.Bc5 Kf7 32.h4 f5 33.f4 Nf6 34.Kg2 Kg6 35.Kf3 Bc6 36.Be7
Nd7 37.g4 Kf7 38.Bd6 fxg4+ 39.Kxg4 Nb6 40.Kf3 Nc4 41.h5 Nxd6 42.Bc2 Nc4 43.f5
Nxa3 44.fxe6+ Kxe6 45.Bb3 Nb1 46.Kf4 Nd2 47.Bd1 Ne4 48.Bg4+ Kd6 49.Be2 Nc3 50.
Bf1 Na2 51.Kf5 Ke7 52.Ke5 Nxb4 53.Be2 Nc2 54.Kf4 b4 55.Bd3 b3 56.Kf3 Be8 0-1

[Event "Veteranos Aragón 2015"]
[Site ""]
[Date "2015.05.09"]
[Round "4.15"]
[White "Perez Sirera José Maria"]
[Black "Samper Alarcon Julio Alfredo"]
[Result "0-1"]
[WhiteElo "1563"]
[BlackElo "1620"]

1.d4 d5 2.Nf3 c6 3.e3 Bf5 4.Bd3 Bxd3 5.Qxd3 Nf6 6.O-O g6 7.b3 Bg7 8.Bb2 O-O 9.
Nbd2 Nbd7 10.Rab1 Re8 11.Ne5 Nxe5 12.dxe5 Nd7 13.f4 e6 14.Rf3 Qa5 15.a3 Rad8
16.Rh3 c5 17.Nf3 b5 18.c4 dxc4 19.bxc4 Nb6 20.Qc3 Qxc3 21.Bxc3 bxc4 22.Ba5 Rb8
23.Ng5 h6 24.Ne4 Nd5 25.Rxb8 Rxb8 26.Nxc5 c3 27.Nd3 Rb1+ 28.Kf2 Rb2+ 29.Ke1
Rxg2 30.e4 Nb6 31.Bxc3 Ra2 32.Bb4 Bf8 33.Bxf8 Kxf8 34.Nc1 Rb2 35.Rxh6 Kg7 36.
Rh3 Nd7 37.a4 Nc5 38.a5 Nxe4 39.Re3 Nc5 40.Re2 Rb4 41.Rf2 Rb5 42.Ra2 Nb7 43.
Kf2 Nxa5 44.Kg3 Nc6 45.Ra6 Rb6 46.Ra2 a6 47.Kg4 Ne7 48.Nd3 Nd5 49.Nc5 Rb4 50.
Nd3 Rd4 51.Ra3 a5 52.Kf3 a4 53.h4 Rc4 54.Kg4 Rc3 55.Rxc3 Nxc3 56.Nc5 a3 57.Kf3
a2 58.Nb3 Na4 59.Kg4 Nc3 60.Kg5 Ne4+ 61.Kg4 Kh6 62.Na1 Nc5 63.Kg3 Kh5 64.Kh3
Ne4 65.Nb3 Nd2 66.Na1 Nf3 67.Kg3 Nxh4 68.Nb3 Nf5+ 69.Kh3 Nd4 70.Na1 g5 0-1

[Event "Veteranos Aragón 2015"]
[Site ""]
[Date "2015.05.09"]
[Round "4.16"]
[White "Lapuente Mercadal José Manuel"]
[Black "Sanz Navarro Alberto"]
[Result "1-0"]
[WhiteElo "1543"]
[BlackElo "1576"]

1.d4 d5 2.Nf3 Bf5 3.Bf4 f6 4.Nc3 g5 5.Bg3 Kf7 6.e3 e6 7.Nb5 Na6 8.Be2 h5 9.h3
c6 10.Nc3 Bb4 11.O-O h4 12.Nxg5+ fxg5 13.Be5 Rh6 14.Bh5+ Bg6 15.Qf3+ Nf6 16.
Bg4 Bxc3 17.bxc3 Be4 18.Qe2 Qa5 19.f3 Qxc3 20.fxe4 dxe4 21.Qf2 Nb4 22.Bxf6
Qxc2 23.Bxg5+ Qxf2+ 24.Rxf2+ Kg6 25.Bxh6 Kxh6 26.Raf1 Nd3 27.Rf6+ Kg7 28.Bxe6
Re8 29.Rf7+ Kh8 30.R1f6 Nb4 31.Rh6+ Kg8 32.Rxb7+ Rxe6 33.Rxe6 1-0

[Event "Veteranos Aragón 2015"]
[Site ""]
[Date "2015.05.09"]
[Round "4.17"]
[White "Fuster Aparicio Miguel"]
[Black "Latorre Bueno Francisco"]
[Result "0-1"]
[WhiteElo "1500"]
[BlackElo "1548"]

1.e4 e5 2.Nf3 d6 3.Bc4 Be7 4.d3 Nf6 5.Nc3 O-O 6.O-O Nc6 7.Nd5 Nxd5 8.Bxd5 Bg4
9.h3 Bh5 10.Bxc6 bxc6 11.d4 exd4 12.Qxd4 Bxf3 13.gxf3 Qd7 14.Kh2 Bf6 15.Qd3
Rab8 16.c3 Rb5 17.f4 g6 18.Rg1 Bg7 19.a4 Rh5 20.Rg3 Re8 21.Be3 a5 22.Rag1 Qe6
23.f5 Qxe4 24.Qxe4 Rxe4 25.Kh1 Rxf5 26.Rd1 Rxa4 27.Kg2 Ra2 28.Rb1 Rb5 29.Bd4
Rbxb2 30.Rxb2 Rxb2 31.Bxg7 Kxg7 32.c4 Rb4 33.Rc3 a4 34.f4 Rb3 0-1

[Event "Veteranos Aragón 2015"]
[Site ""]
[Date "2015.05.09"]
[Round "4.18"]
[White "Ubeda Gimeno Angel"]
[Black "Franco Tejero Luis"]
[Result "1-0"]
[WhiteElo "1512"]
[BlackElo "1500"]

1.d4 d5 2.Nf3 c6 3.e3 Nf6 4.Bd3 h6 5.Nbd2 Bg4 6.O-O e6 7.b3 Be7 8.Bb2 O-O 9.a3
Nh7 10.Qe1 Ng5 11.Ne5 Bf5 12.e4 dxe4 13.Nxe4 Nxe4 14.Bxe4 Nd7 15.Bxf5 exf5 16.
Rd1 Bf6 17.f4 Re8 18.Rf3 Nf8 19.Qb4 Qc7 20.Qc4 Rad8 21.Rfd3 Rd5 22.a4 Ne6 23.
Bc1 a6 24.b4 b5 25.axb5 axb5 26.Qxc6 Qxc6 27.Nxc6 Ra8 28.c3 Ra6 29.Ne5 Be7 30.
g3 f6 31.Ng6 Bd8 32.Bb2 Kf7 33.Nh4 g5 34.Ng2 Be7 35.Ra1 Nc7 36.Ne3 Rd8 37.Rxa6
Nxa6 38.Nxf5 Bf8 39.fxg5 hxg5 40.Rf3 Re8 41.Re3 Rxe3 42.Nxe3 Ke6 43.Kf2 f5 44.
Kf3 g4+ 45.Kf2 Nc7 46.Bc1 Bg7 47.Ng2 Bf6 48.Bf4 Nd5 49.Bd2 Kf7 50.Ne3 Ke6 51.
Nxd5 Kxd5 52.Ke3 Bg5+ 53.Kd3 Bf6 54.Bf4 Be7 55.Be5 Bg5 56.c4+ bxc4+ 57.Kc3 Be3
58.b5 Bf2 59.b6 Be1+ 60.Kc2 Kc6 61.Bc7 Bf2 62.Kc3 Be1+ 63.Kxc4 Ba5 64.d5+ Kd7
65.Kb5 Bc3 66.d6 Kc8 67.Kc6 1-0

[Event "Veteranos Aragón 2015"]
[Site ""]
[Date "2015.05.09"]
[Round "4.19"]
[White "Patap Ivan"]
[Black "Cervera Soler Ramón"]
[Result "0-1"]
[WhiteElo "1500"]
[BlackElo "1498"]

1.d4 d5 2.c4 Nf6 3.Bg5 e6 4.a3 c5 5.e3 cxd4 6.Qxd4 Be7 7.Nc3 Nc6 8.Qd1 d4 9.
Bxf6 Bxf6 10.Ne4 O-O 11.Nxf6+ Qxf6 12.Qf3 e5 13.Qxf6 gxf6 14.e4 b6 15.Bd3 Be6
16.Ne2 Na5 17.Rc1 Rac8 18.O-O Nb3 19.Rc2 Nc5 20.Nc1 Nxd3 21.Nxd3 Rxc4 22.Nb4
Rfc8 23.Rfc1 Rxc2 24.Rxc2 Rxc2 25.Nxc2 d3 26.Ne3 d2 27.Kf1 Bc4+ 28.Kg1 Bb3 29.
Kf1 d1=Q+ 30.Nxd1 Bxd1 31.Ke1 Bc2 32.f3 f5 33.exf5 Bxf5 34.g4 Be6 35.g5 Kg7
36.Kf2 Kg6 37.h4 h5 38.gxh6 Kxh6 39.Kg3 Kh5 40.b4 b5 41.f4 exf4+ 42.Kxf4 Kxh4
43.Ke5 f5 0-1

[Event "Veteranos Aragón 2015"]
[Site ""]
[Date "2015.05.09"]
[Round "4.20"]
[White "Burillo Lazaro Amelia"]
[Black "López Carcas Jesús"]
[Result "1-0"]
[WhiteElo "1474"]
[BlackElo "1430"]

1.d4 d5 2.e3 Nf6 3.c4 Nc6 4.Nf3 Bg4 5.Nbd2 e5 6.Qb3 b6 7.Nxe5 Na5 8.Qa4+ Bd7
9.Nxd7 Qxd7 10.Qxd7+ Kxd7 11.Bd3 c5 12.O-O Bd6 13.cxd5 Rae8 14.Bb5+ Kc7 15.
Bxe8 Rxe8 16.Nf3 Nc4 17.Rd1 Nxd5 18.dxc5 Kc6 19.cxd6 Nxd6 20.Bd2 Kc5 21.Rac1+
Kb5 22.Be1 Re4 23.Rxd5+ 1-0

[Event "Veteranos Aragón 2015"]
[Site ""]
[Date "2015.05.09"]
[Round "4.21"]
[White "Figuer Montero Fernando"]
[Black "Otal Bornau José Miguel"]
[Result "1-0"]
[WhiteElo "1845"]
[BlackElo "1552"]

1.d4 Nf6 2.Nf3 e6 3.h3 Be7 4.Bf4 Nc6 5.a3 a6 6.e3 d6 7.c4 Bd7 8.Nc3 Rc8 9.Be2
O-O 10.O-O Na7 11.Qc2 c5 12.d5 e5 13.Bh2 Ne8 14.Nd2 f5 15.Bd3 e4 16.Be2 Bg5
17.Bf4 Rc7 18.b3 Bxf4 19.exf4 Qh4 20.f3 Nf6 21.fxe4 fxe4 22.Ncxe4 Nxe4 23.Nxe4
Nc8 24.Qd2 Bf5 25.Nc3 Rcf7 26.Rf2 Qg3 27.Rf3 Qg6 28.Kh1 h5 29.Raf1 Re7 30.Bd3
Ref7 31.Bxf5 Qxf5 32.Ne2 h4 33.Re3 Rf6 34.Qd3 Qd7 35.Re4 Ne7 36.Qe3 Nf5 37.Qc3
Rg6 38.Rf3 Re8 39.Qd3 Re7 40.Kg1 Rf6 41.b4 Qd8 42.Rxe7 Qxe7 43.Kf2 b6 44.g3
Qf8 45.g4 Ng3 46.f5 Nxe2 47.Kxe2 Rf7 48.Kd2 Qd8 49.Kc2 Re7 50.Re3 Qe8 51.Re6
Qa4+ 52.Qb3 Qd7 53.a4 Rxe6 54.fxe6 Qe8 55.b5 a5 56.Qf3 Qg6+ 57.Qf5 Qf6 58.Qxf6
gxf6 59.Kd3 Kg7 60.Ke4 Kg6 61.Kf4 1-0

[Event "Veteranos Aragón 2015"]
[Site ""]
[Date "2015.05.09"]
[Round "4.22"]
[White "Pascual Maisterra José Luis"]
[Black "Ferruz Martinez Rafael"]
[Result "0-1"]
[WhiteElo "1501"]
[BlackElo "1323"]

1.d4 Nf6 2.e4 d6 3.Nc3 g6 4.Qe2 Nc6 5.d5 Ne5 6.Qb5+ c6 7.Qa4 b5 8.Qb3 Rb8 9.
Be2 Bg7 10.f4 Ned7 11.Be3 Nc5 12.Qa3 b4 13.Qxa7 Rb7 14.Qa8 bxc3 15.Qa3 cxb2
16.Rb1 Ncxe4 17.dxc6 Rb6 18.Nf3 Nc3 19.O-O Nxe2+ 20.Kf2 Nc3 21.Nd2 e6 22.Rxb2
Rxb2 23.Qxb2 Nce4+ 24.Nxe4 Nxe4+ 25.Kf3 Bxb2 26.Kxe4 d5+ 27.Kf3 h5 28.Rb1 Bf6
29.a4 O-O 30.Bb6 Qd6 31.c7 Qa3+ 32.Kf2 Qxa4 33.c3 Qa2+ 34.Kf3 Qxb1 35.Bc5 Qd3+
36.Kf2 Re8 37.Bb4 Qd2+ 38.Kf3 Bxc3 39.Bxc3 Qxc3+ 40.Kf2 d4 41.g3 Bb7 42.Kg1 d3
43.Kf1 Qd2 44.h3 Qe2+ 45.Kg1 Qg2# 0-1

[Event "Veteranos Aragón 2015"]
[Site ""]
[Date "2015.05.09"]
[Round "4.23"]
[White "Arduna Domingo Carmen"]
[Black "Pinilla Alvarez José Carlos"]
[Result "0-1"]
[WhiteElo "1500"]
[BlackElo "1187"]

1.d4 c5 2.Nf3 e6 3.e3 Nc6 4.c3 cxd4 5.cxd4 g6 6.Bd3 Bg7 7.Bb5 Nge7 8.b3 Qa5+
9.Bd2 Qxb5 10.Bc3 Nd5 11.a4 Qb6 12.O-O Nxc3 13.Nxc3 O-O 14.Qd3 d5 15.Rfb1 Nb4
16.Qb5 Qxb5 17.Nxb5 a6 18.Nd6 a5 19.Ne5 Bxe5 20.Nxc8 Raxc8 21.Rc1 Rxc1+ 22.
Rxc1 Bd6 23.g4 f5 24.f3 fxg4 25.fxg4 Rf3 26.Rc8+ Rf8 27.Rc1 Nd3 28.Rd1 Nf2 29.
Rf1 Nxg4 30.Rb1 Nxe3 31.Re1 Rf1+ 0-1

[Event "Veteranos Aragón 2015"]
[Site ""]
[Date "2015.05.16"]
[Round "5.1"]
[White "Palomar Ramón Santiago"]
[Black "Roche Simón Manuel Angel"]
[Result "0-1"]
[WhiteElo "1952"]
[BlackElo "2144"]

1.Nc3 d5 2.e4 d4 3.Nce2 e5 4.Ng3 Be6 5.Nf3 f6 6.c3 c5 7.Bb5+ Nd7 8.O-O Bd6 9.
c4 Ne7 10.d3 O-O 11.Bxd7 Qxd7 12.Re1 b5 13.cxb5 Qxb5 14.Nh4 g6 15.b3 a5 16.Re2
a4 17.bxa4 Rxa4 18.Rb2 Rb4 19.a4 Qb7 20.Rxb4 cxb4 21.f4 b3 22.f5 gxf5 23.exf5
Bd5 24.Qg4+ Kh8 25.Nh5 Rf7 26.Ng6+ hxg6 27.fxg6 Nxg6 28.Qxg6 b2 29.Bxb2 Qxb2
30.Rf1 Be7 31.Rxf6 Qc1+ 32.Kf2 Qe3+ 33.Kf1 Rxf6+ 34.Nxf6 Qf4+ 35.Ke2 Qxf6 36.
Qe8+ Kg7 0-1

[Event "Veteranos Aragón 2015"]
[Site ""]
[Date "2015.05.16"]
[Round "5.2"]
[White "Marín Fuertes Angel Maria"]
[Black "Sarto Ramos Angel"]
[Result "1-0"]
[WhiteElo "1838"]
[BlackElo "1967"]

1.e4 d6 2.d4 g6 3.Be3 Bg7 4.Nc3 Nf6 5.f3 c6 6.Qd2 h6 7.O-O-O b5 8.a3 a5 9.Na2
b4 10.a4 d5 11.e5 Nfd7 12.b3 Qb6 13.f4 e6 14.Nf3 Ba6 15.g4 h5 16.gxh5 Rxh5 17.
h4 Bxf1 18.Rdxf1 Na6 19.Kb1 c5 20.dxc5 Naxc5 21.Qf2 Qc7 22.Nd4 Bf8 23.Ne2 Ne4
24.Qg2 Bc5 25.Nd4 Bxd4 26.Bxd4 Ke7 27.Rh3 Ndc5 28.Nc1 Rc8 29.Nd3 Nc3+ 30.Kb2
N5xa4+ 31.bxa4 Qc4 32.Bxc3 Qxc3+ 33.Kb1 b3 34.Ne1 bxc2+ 35.Nxc2 Rb8+ 36.Kc1
Qb2+ 37.Kd2 Rb4 38.Rff3 Rxa4 39.Qf2 Rf5 40.Rb3 Qxe5 41.Qc5+ 1-0

[Event "Veteranos Aragón 2015"]
[Site ""]
[Date "2015.05.16"]
[Round "5.3"]
[White "Gonzalez Felez José Julián"]
[Black "Orti Stock Carlos"]
[Result "1-0"]
[WhiteElo "1945"]
[BlackElo "1925"]

1.c4 b6 2.Nc3 e6 3.e4 Bb4 4.g3 Bb7 5.Bg2 f5 6.Nge2 Nf6 7.d3 O-O 8.O-O Bxc3 9.
Nxc3 d6 10.Be3 fxe4 11.dxe4 Nbd7 12.Qe2 e5 13.Rad1 Nc5 14.Bxc5 bxc5 15.f4 Qe7
16.Rde1 Rab8 17.b3 Kh8 18.f5 Rg8 19.g4 g5 20.h3 Qf7 21.Bf3 Rg7 22.Kf2 Rbg8 23.
Rg1 h6 24.Rg2 Rh7 25.Reg1 Rhg7 26.Qd2 Kh7 27.Ne2 Bxe4 28.Nc3 Bxf3 29.Kxf3 Re8
30.Ne4 Nxe4 31.Kxe4 Qd7 32.Rd1 Qc6+ 33.Qd5 Qxd5+ 34.Rxd5 Rf7 35.Rd1 Kg7 36.h4
Rh8 37.Rh1 Rff8 38.Rgh2 Kf6 39.hxg5+ Kxg5 40.Rh5+ Kxg4 41.R5h4+ Kg3 42.Rxh6
Rhg8 43.R1h3+ Kg4 44.Rh1 Kg5 45.Rh7 Kf6 46.R1h6+ Kg5 47.Rh4 Rf6 48.R7h5# 1-0

[Event "Veteranos Aragón 2015"]
[Site ""]
[Date "2015.05.16"]
[Round "5.4"]
[White "Vasilev Vas"]
[Black "Garcia Estruch Jorge"]
[Result "1/2-1/2"]
[WhiteElo "1943"]
[BlackElo "1819"]

1.d4 Nf6 2.Nf3 g6 3.c4 Bg7 4.Nc3 d6 5.Bg5 O-O 6.e3 Nc6 7.Be2 h6 8.Bh4 e5 9.
dxe5 dxe5 10.Qxd8 Rxd8 11.Bxf6 Bxf6 12.Nd5 Rxd5 13.cxd5 Nb4 14.Rc1 Nxd5 15.e4
Nf4 16.g3 Ne6 17.Bc4 c6 18.Bxe6 Bxe6 19.b3 Re8 20.O-O Bh3 21.Rfd1 Bg7 22.Nh4
Re7 23.f3 Be6 24.Ng2 f5 25.Ne3 h5 26.Rd8+ Kh7 27.Rc5 fxe4 28.fxe4 Bh3 29.Kf2
Rf7+ 30.Ke2 Bf6 31.Ra8 a6 32.Ra7 Rd7 33.g4 hxg4 34.Rxc6 g3 35.Rc1 g2 36.Rg1
Bd8 37.Nd5 Rf7 38.Ra8 Rf1 39.Rxg2 Bxg2 40.Rxd8 Ra1 41.Rd7+ Kh6 42.Nc3 Rc1 43.
Kd2 Rh1 44.Rxb7 Rxh2 1/2-1/2

[Event "Veteranos Aragón 2015"]
[Site ""]
[Date "2015.05.16"]
[Round "5.5"]
[White "Royo Onde Manuel"]
[Black "Gimeno Royo José Andres"]
[Result "1-0"]
[WhiteElo "1817"]
[BlackElo "1714"]

1.d4 f5 2.e4 fxe4 3.Nc3 Nf6 4.f3 d5 5.Be3 exf3 6.Nxf3 Bg4 7.Bd3 Nc6 8.h3 Bxf3
9.Qxf3 e5 10.Bb5 e4 11.Qf2 Bb4 12.O-O O-O 13.Qh4 Ne7 14.a3 Ng6 15.Qg5 Be7 16.
Ba4 c6 17.Bb3 Qc7 18.Bf4 Nxf4 19.Qxf4 Bd6 20.Qh4 Bh2+ 21.Kh1 Bg3 22.Qg5 Rf7
23.Ne2 Bd6 24.c4 Qb6 25.Qe3 Qc7 26.cxd5 cxd5 27.Rac1 Qb6 28.Rc3 Rc7 29.Qg5 Qb5
30.Rxf6 Be7 31.Qxd5+ 1-0

[Event "Veteranos Aragón 2015"]
[Site ""]
[Date "2015.05.16"]
[Round "5.6"]
[White "Pellicer Sancho Rafael José"]
[Black "Edeso Perez Francisco"]
[Result "1/2-1/2"]
[WhiteElo "1754"]
[BlackElo "1785"]

1.d4 Nf6 2.c4 d5 3.Nc3 c6 4.e3 g6 5.Nf3 Bg7 6.Bd3 O-O 7.O-O Nbd7 8.h3 b6 9.b4
Bb7 10.c5 a5 11.Rb1 axb4 12.Rxb4 Ba6 13.cxb6 Nxb6 14.Ne5 Qc7 15.Bxa6 Rxa6 16.
Qc2 Rc8 17.Nd3 Nc4 18.Nc5 Ra7 19.Qb1 e5 20.Ne2 e4 21.Nc3 Ne8 22.N3a4 Ned6 23.
Re1 Nb5 24.Qb3 Rca8 25.Re2 Bf8 26.Rc2 Qe7 27.Nc3 Nxc3 28.Qxc3 Rxa2 29.Rb7 Qh4
30.Bb2 Bd6 31.Rc1 h5 32.Rc2 g5 33.Re2 f5 34.Ne6 g4 35.Nf4 Bxf4 36.exf4 gxh3
37.Qg3+ Qxg3 38.fxg3 hxg2 39.Kxg2 Rf8 40.Kh3 Rf7 41.Rb8+ Kg7 42.Rh2 Kh6 43.Bc3
Rxh2+ 44.Kxh2 e3 45.Re8 Kg6 46.Kh3 Rf6 47.Kh4 Kf7 48.Ra8 Nd6 49.Kxh5 Nb5 50.
Bb4 Ke6 51.Re8+ Kd7 52.Rxe3 Re6 53.Rd3 Re4 54.Bc5 Ke6 55.Kg5 Nc7 56.Ra3 Nb5
57.Rd3 Re1 58.Bf8 Kf7 59.Bb4 Re4 60.Kxf5 Nxd4+ 61.Kg4 Kg6 62.Ra3 Nc2 63.Ra6
Nxb4 64.Rb6 Kf6 65.Kf3 Kf5 66.Rb8 Ke6 67.Re8+ Kf5 68.g4+ Kg6 69.Rxe4 dxe4+ 70.
Kxe4 Nd5 71.Kd4 1/2-1/2

[Event "Veteranos Aragón 2015"]
[Site ""]
[Date "2015.05.16"]
[Round "5.7"]
[White "Ocabo Vera Pedro Aristides"]
[Black "Navarro Rubio Rafael"]
[Result "1-0"]
[WhiteElo "1777"]
[BlackElo "1633"]

1.d4 d5 2.Bf4 e6 3.Nf3 Bd6 4.Bg5 Ne7 5.e3 c5 6.c3 Nbc6 7.Nbd2 Qb6 8.Qb3 O-O 9.
Qc2 c4 10.Be2 h6 11.Bh4 Bd7 12.Bg3 Qc7 13.e4 Bxg3 14.hxg3 Ng6 15.e5 b5 16.Nh4
Be8 17.Ndf3 b4 18.Nxg6 fxg6 19.O-O bxc3 20.bxc3 Qf7 21.Rab1 Qf5 22.Qxf5 gxf5
23.Rb7 Rf7 24.Rxf7 Bxf7 25.Rb1 Rb8 26.Rxb8+ Nxb8 27.Bd1 Be8 28.Nd2 Kf8 29.f4
Bb5 30.g4 g6 31.gxf5 gxf5 32.g4 fxg4 33.Bxg4 Ke7 34.f5 exf5 35.Bxf5 Bd7 36.
Bxd7 Nxd7 37.Kh2 Nb6 38.Kh3 Kf7 39.Kh4 Na4 40.Nb1 Nb2 41.Kh5 Kg7 42.Na3 Nd3
43.Nb5 Nf4+ 44.Kg4 Ne6 45.a4 a6 46.Nd6 Nxd4 47.cxd4 c3 48.Nf5+ Kg6 49.Ne3 a5
50.Kh4 h5 51.Nxd5 c2 52.Nf4+ 1-0

[Event "Veteranos Aragón 2015"]
[Site ""]
[Date "2015.05.16"]
[Round "5.8"]
[White "Lorente Latorre Antonio"]
[Black "Sanchez Valles José Maria"]
[Result "1-0"]
[WhiteElo "1627"]
[BlackElo "1752"]

1.e4 Nc6 2.d4 d5 3.e5 Bf5 4.c3 a6 5.Bd3 Qd7 6.Qc2 e6 7.a4 g6 8.Bxf5 exf5 9.Bg5
h6 10.Be3 Nge7 11.f4 Bg7 12.Nf3 O-O 13.O-O Na5 14.Nbd2 b5 15.b4 Nc4 16.Nxc4
bxc4 17.a5 Rfb8 18.Rfb1 Kh7 19.Qf2 Nc6 20.Qh4 Rb5 21.h3 Rab8 22.Rc1 R5b7 23.
Ng5+ Kg8 24.Nf3 Nd8 25.g4 fxg4 26.hxg4 f5 27.exf6 Qe6 28.Ne5 Bxf6 29.Qxh6 c6
30.Kf2 Bxe5 31.dxe5 Rh7 32.Qg5 Rh2+ 33.Kg3 Re2 34.Kf3 Rb2 35.Rh1 Nf7 36.Qh4 d4
37.Bxd4 Qd5+ 38.Ke3 Qg2 39.Qh7+ Kf8 40.Bc5+ Ke8 41.Qg8+ Kd7 42.Qxf7+ 1-0